Los derechos humanos de los mexicanos : un estudio comparativo /

Guardat en:
Dades bibliogràfiques
Autor corporatiu: México. Comisión Nacional de Derechos Humanos
Altres autors: Green, Rosario (presentación) (presentación)
Format: Llibre
Idioma:espanyol
Publicat: México : Comisión Nacional de Derechos Humanos, 1991
Etiquetes: Afegir etiqueta
Sense etiquetes, Sigues el primer a etiquetar aquest registre!

MARC

LEADER 00000nam^a2200000^a^4500
001 000575904
005 20250521000000.0
009 20260310132417.608
020 |a 968-805-734-7 
037 |a Acervo ITESO - Biblioteca 
041 |a ESP 
091 |a FGM. 05659 
110 |a México.  |b Comisión Nacional de Derechos Humanos 
245 1 4 |a Los derechos humanos de los mexicanos :  |b un estudio comparativo / 
264 1 |a México :  |b Comisión Nacional de Derechos Humanos,  |c 1991 
300 |a 239 p. 
336 |a texto  |b txt  |2 rdacontenido 
337 |a sin mediación  |b n  |2 rdamedio 
338 |a volumen  |b nc  |2 rdasoporte 
649 |a XX 
700 |a Green, Rosario  |e (presentación) 
910 |a Fondo Efraín González Morfín 
920 |a Impresos - Libros 
930 |a Fondos Especiales 
905 |a 130 
901 |a 0500386068  |b IT2  |c ESL  |i D91528  |u 20250521 
902 |a https://opac.biblio.iteso.mx/vufind/Record/000575904